|
|
|
|
| LEADER |
00000nam a2200000 a 4500 |
| 001 |
UCZ5535 |
| 003 |
CL-VaPUC |
| 008 |
951123e19940000SP |||||||||||||||||spa|d |
| 082 |
0 |
4 |
|a 300.72
|b SIE
|2 21
|
| 100 |
0 |
|
|a Sierra Bravo, Restituto
|e author
|9 349603
|
| 245 |
1 |
0 |
|a Técnicas de investigación social: teoría y ejercicios
|
| 250 |
|
|
|a 9a. ed
|
| 300 |
|
|
|a 713 p
|
| 942 |
|
|
|c BK
|
| 945 |
|
|
|d 19951123 00:00:00
|a rleighto
|
| 260 |
|
|
|a Madrid
|b Paraninfo
|c 1994
|
| 650 |
|
0 |
|a Ciencias sociales
|v Investigación
|9 307767
|
| 650 |
|
7 |
|a OBSERVACION
|2 CL-VaPUC
|9 336333
|
| 650 |
|
7 |
|a TRABAJO DE INVESTIGACION EN CIENCIAS SOCIALES
|2 CL-VaPUC
|9 349604
|
| 583 |
|
|
|a last modification
|c 19951123 00:00:00
|k Rodrigo Vera
|
| 999 |
|
|
|c 241834
|d 241832
|
| 952 |
|
|
|0 0
|1 0
|4 0
|6 300_720000000000000_SIE_1994
|7 0
|8 A
|9 254335
|a BIBEDU
|b BIBEDU
|d 2019-11-19
|i 3153851
|l 1
|o 300.72 SIE 1994
|p 3153851
|r 2022-12-19
|s 2022-12-02
|w 2019-11-19
|y BK
|k EDU
|